| 000 | 00928nam2a2200265 4500 | ||
|---|---|---|---|
| 001 | RU\NLR\bibl\1182448 | ||
| 005 | 20250615092537.0 | ||
| 010 |
_a978-5-91364-032-1 _9100 |
||
| 021 |
_aRU _b2007-86967 _94702 |
||
| 035 | _a(NLR Aleph) 001169049 | ||
| 090 |
_a1585616 _c1585616 |
||
| 100 | _a20080131d2007 |||y0rusy50 ca | ||
| 101 | 0 | _arus | |
| 102 | _aRU | ||
| 105 | _ay ||||||||| | ||
| 200 | 0 | _aЧ. 1 | |
| 210 |
_d2007 _aБ. м. |
||
| 215 | _a94 с. | ||
| 320 | _aБиблиогр. в конце лекций | ||
| 461 | 0 |
_1001RU\NLR\bibl\1220126 _12001#$aФилософия$vЧ. 1 _950871 _aЛиповая, Л. П. _cНовочеркасск _d2007 _fЛ.П. Липовая _nОникс+ _oкурс лекций : учебное пособие для студентов вузов _tФилософия _vЧ. 1 |
|
| 801 | 0 |
_aRU _bNLR _c20080131 _gRCR |
|
| 801 | 1 |
_aRU _bNLR _c20080131 |
|
| 942 | _cBOOK | ||
| 980 | _aNB | ||